| 000 | 00641nam a2200169Ia 4500 | ||
|---|---|---|---|
| 008 | 230917s9999||||xx |||||||||||||| ||und|| | ||
| 020 | _cRS 500.00 | ||
| 040 |
_e5016892 _aMAIN |
||
| 041 | _aEnglish | ||
| 082 | _a891.4317109 MB896:JM | ||
| 100 | _aजोशी, मृदला | ||
| 245 | 0 | _aमुक्तिबोध और अज्ञेय के काव्य में संवेदना, चिंतन और शिल्प | |
| 260 |
_aनई दिल्ली _bएजुकेशन बुक सर्विस _c2020 |
||
| 300 | _a201 p. | ||
| 500 | _a4418 19/01/2022 SPH22/506 22/01/2022 Main Budget | ||
| 942 | _cBK | ||
| 999 |
_c4774 _d4774 |
||